Diálogo creativo : (Record no. 111315)

MARC details
000 -LEADER
campo de control de longitud fija 03709cam a2200385Ia 4500
003 - IDENTIFICADOR DE NÚMERO DE CONTROL
campo de control BJBSDDR
005 - FECHA Y HORA DE LA ÚLTIMA TRANSACCIÓN
campo de control 20240116161837.0
007 - CAMPO FIJO DE DESCRIPCIÓN FÍSICA--INFORMACIÓN GENERAL
campo de control de longitud fija ta
008 - DATOS DE LONGITUD FIJA--INFORMACIÓN GENERAL
campo de control de longitud fija 041013s2013 sp ab j b 001 0 spa d
020 ## - NÚMERO INTERNACIONAL ESTÁNDAR DEL LIBRO
Número Internacional Estándar del Libro 8471126788 (pbk.)
020 ## - NÚMERO INTERNACIONAL ESTÁNDAR DEL LIBRO
Número Internacional Estándar del Libro 9788471126788 (pbk.)
035 ## - NÚMERO DE CONTROL DEL SISTEMA
Número de control de sistema (OCoLC)ocm56722010
035 ## - NÚMERO DE CONTROL DEL SISTEMA
Número de control de sistema (OCoLC)56722010
040 ## - FUENTE DE CATALOGACIÓN
Centro catalogador/agencia de origen GCV
Centro/agencia transcriptor GCV
Lengua de catalogación spa
041 ## - CÓDIGO DE IDIOMA
Código de lengua del texto/banda sonora o título independiente spa
049 ## - FONDOS LOCALES (OCLC)
Biblioteca depositaria GRAL
050 14 - SIGNATURA TOPOGRÁFICA DE LA BIBLIOTECA DEL CONGRESO
Número de clasificación LB 1033.5
Número de ítem F535d 2013
082 00 - NÚMERO DE LA CLASIFICACIÓN DECIMAL DEWEY
Número de clasificación 371.102/2
100 1# - ENTRADA PRINCIPAL--NOMBRE DE PERSONA
Nombre de persona Fisher, Robert,
Fechas asociadas al nombre 1943-
9 (RLIN) 33825
240 10 - TÍTULO UNIFORME
Título uniforme Creative dialogue.
Lenguaje de la obra Español
245 10 - MENCIÓN DEL TÍTULO
Título Diálogo creativo :
Resto del título hablar para pensar en el aula /
Mención de responsabilidad, etc. Robert Fisher ; Traducido por Pablo Manzano Bernárdez
260 ## - PUBLICACIÓN, DISTRIBUCIÓN, ETC.
Lugar de publicación, distribución, etc. Madrid :
Nombre del editor, distribuidor, etc. Morata,
Fecha de publicación, distribución, etc. 2013
300 ## - DESCRIPCIÓN FÍSICA
Extensión 279 páginas :
Otras características físicas ilustraciones ;
Dimensiones 26 cm.
500 ## - NOTA GENERAL
Nota general Título original de la obra: Creative dialogue : talk for thinking in the classroom.
504 ## - NOTA DE BIBLIOGRAFÍA, ETC.
Nota de bibliografía, etc. Incluye referencias bibliográficas e indice.
520 ## - RESUMEN, ETC.
Sumario, etc. La educación y la capacidad de niñas y niños de establecer relaciones con los demás se apoyan en el diálogo. Mediante éste, las personas desarrollan la consciencia, aprenden a controlar sus procesos mentales internos y construyen las herramientas conceptuales para pensar. Es el fundamento del desarrollo de la inteligencia social, así como del éxito en los aprendizajes y en la vida. El diálogo es el modo más eficaz de utilizar el habla para estimular el pensamiento y los aprendizajes, y es creativo cuando es abierto, permite opiniones diferentes y estimula ideas nuevas. Diálogo creativo es una guía esencial para el aprendizaje dialógico, en la cual se exponen sus principios así como las razones por las que niñas y niños necesitan dialogar, los distintos tipos de diálogo y las características especiales del diálogo creativo. El autor presenta procedimientos muy prácticos para enseñar al alumnado a ser más reflexivo y creativo; de aprender de manera más eficaz hablando y escuchando, tanto en las instituciones escolares como en el hogar. Así, en esta obra encontrará: Técnicas para desarrollar el aprendizaje dialógico en las aulas; Una guía para provocar debates estimulantes para pensar a través del currículo; Más de 100 actividades para generar discusiones y diálogos estimulantes con niños y niñas de todas las edades y capacidades; Consejos acerca del uso del diálogo creativo para favorecer la evaluación continua de los aprendizajes; Ideas para desarrollar las destrezas de escucha y la concentración. Las nuevas generaciones, sean cuales sean los problemas a los que se tengan que enfrentar en un futuro imprevisible, necesitarán desplegar destrezas y capacidades para trabajar con otras personas a fin de poder solucionarlos. El diálogo da la oportunidad de conectarse con los demás, de expresar sentimientos y emociones, de comunicar necesidades y de responder a inquietudes. La capacidad de relacionarse con otros y de entablar un diálogo creativo será clave para el éxito futuro, tanto en su vida pública como en la privada. Tenemos que acostumbrarnos a perturbar los niveles actuales del pensamiento del alumnado mediante un diálogo que extienda, cuestione y sorprenda. Diálogo creativo es una lectura esencial para el profesorado, las familias y, en general, todas las personas que quieran entender y promover aprendizajes dialógicos
650 #4 - PUNTO DE ACCESO ADICIONAL DE MATERIA--TÉRMINO DE MATERIA
Término de materia o nombre geográfico como elemento de entrada Comunicación en educación
9 (RLIN) 1829
650 #4 - PUNTO DE ACCESO ADICIONAL DE MATERIA--TÉRMINO DE MATERIA
Término de materia o nombre geográfico como elemento de entrada Comportamiento verbal
9 (RLIN) 33828
650 #4 - PUNTO DE ACCESO ADICIONAL DE MATERIA--TÉRMINO DE MATERIA
Término de materia o nombre geográfico como elemento de entrada Relaciones maestro-estudiante
9 (RLIN) 1791
650 #4 - PUNTO DE ACCESO ADICIONAL DE MATERIA--TÉRMINO DE MATERIA
Término de materia o nombre geográfico como elemento de entrada Creatividad en educación
9 (RLIN) 2732
650 #4 - PUNTO DE ACCESO ADICIONAL DE MATERIA--TÉRMINO DE MATERIA
Término de materia o nombre geográfico como elemento de entrada Aptitud creadora en educación
9 (RLIN) 33829
700 1# - ENTRADA AGREGADA--NOMBRE PERSONAL
Nombre de persona Manzano Bernárdez, Pablo
9 (RLIN) 33830
Término indicativo de función/relación traductor
942 ## - ELEMENTOS DE ENTRADA SECUNDARIOS (KOHA)
Fuente del sistema de clasificación o colocación Clasificación de Library of Congress
Tipo de ítem Koha Libro
946 ## - PROCESAMIENTO DE INFORMACIÓN LOCAL (OCLC)
a og
Holdings
Estatus retirado Estado de pérdida Fuente del sistema de clasificación o colocación Estado de daño No para préstamo Colección Biblioteca de origen Biblioteca actual Ubicación en estantería Fecha de adquisición Signatura topográfica completa Código de barras Visto por última vez Copia número Tipo de ítem Koha
    Clasificación de Library of Congress     Humanidades Biblioteca Juan Bosch Biblioteca Juan Bosch Humanidades (4to. Piso) 11/04/2023 LB 1033.5 F535d 2013 00000136586 17/02/2019 1 Libro